000
00257nam a2200121Ia 4500
082
_a
615.1
_b
P09T
100
_a
THAKURTA, R.G.
245
_a
PHARMACEUTICAL MANUFACUTRING
260
_b
BIRLA PUB
300
_a
195
650
_a
PHARMACEUTICS
942
_2
ddc
_c
BK
999
_c
7238
_d
7238